<?xml version="1.0" encoding="UTF-8"?>
<record
    xmlns:xsi="http://www.w3.org/2001/XMLSchema-instance"
    xsi:schemaLocation="http://www.loc.gov/MARC21/slim http://www.loc.gov/standards/marcxml/schema/MARC21slim.xsd"
    xmlns="http://www.loc.gov/MARC21/slim">

  <leader>00803ngm a2200241   4500</leader>
  <datafield tag="999" ind1=" " ind2=" ">
    <subfield code="c">34405</subfield>
    <subfield code="d">34405</subfield>
  </datafield>
  <controlfield tag="005">20181218141426.0</controlfield>
  <controlfield tag="008">181218b           ||||| |||| 00| 0 eng d</controlfield>
  <datafield tag="010" ind1=" " ind2=" ">
    <subfield code="a">DVD-005959-5963</subfield>
  </datafield>
  <datafield tag="035" ind1=" " ind2=" ">
    <subfield code="a">DVD-005959-5963</subfield>
  </datafield>
  <datafield tag="082" ind1=" " ind2=" ">
    <subfield code="a">DVD MITH</subfield>
  </datafield>
  <datafield tag="245" ind1=" " ind2=" ">
    <subfield code="a">Mithya</subfield>
    <subfield code="c">Tangerine Digital Entertainment Presents</subfield>
    <subfield code="h">[videorecording] DVD/</subfield>
  </datafield>
  <datafield tag="260" ind1=" " ind2=" ">
    <subfield code="b">Super Cassette Industries</subfield>
  </datafield>
  <datafield tag="300" ind1=" " ind2=" ">
    <subfield code="a">1 videodisc DVD;</subfield>
    <subfield code="b">sd., col. ;</subfield>
    <subfield code="c">4 3/4 in.</subfield>
  </datafield>
  <datafield tag="440" ind1=" " ind2=" ">
    <subfield code="a">T Series Home Entertainment</subfield>
  </datafield>
  <datafield tag="650" ind1=" " ind2=" ">
    <subfield code="a">Motion Picture</subfield>
  </datafield>
  <datafield tag="700" ind1=" " ind2=" ">
    <subfield code="a">Chaudhuri, Arindam</subfield>
  </datafield>
  <datafield tag="700" ind1=" " ind2=" ">
    <subfield code="a">Shorey, Ranvir</subfield>
  </datafield>
  <datafield tag="700" ind1=" " ind2=" ">
    <subfield code="a">Shah, Nasserruddin</subfield>
  </datafield>
  <datafield tag="700" ind1=" " ind2=" ">
    <subfield code="a">Pathak, Vinay</subfield>
  </datafield>
  <datafield tag="700" ind1=" " ind2=" ">
    <subfield code="a">Dhupia, Neha</subfield>
  </datafield>
  <datafield tag="942" ind1=" " ind2=" ">
    <subfield code="c">CF</subfield>
    <subfield code="2">ddc</subfield>
    <subfield code="h">DVD</subfield>
    <subfield code="m">MITH</subfield>
  </datafield>
  <datafield tag="952" ind1=" " ind2=" ">
    <subfield code="0">0</subfield>
    <subfield code="1">0</subfield>
    <subfield code="2">ddc</subfield>
    <subfield code="4">0</subfield>
    <subfield code="7">0</subfield>
    <subfield code="a">L</subfield>
    <subfield code="b">L</subfield>
    <subfield code="d">2010-03-04</subfield>
    <subfield code="e">Pioneers/1003/28-11-09/325/13-10-09 /30-11-09 </subfield>
    <subfield code="g">99.00</subfield>
    <subfield code="l">29</subfield>
    <subfield code="m">1</subfield>
    <subfield code="o">DVD MITH</subfield>
    <subfield code="p">DVD-005959</subfield>
    <subfield code="r">2018-07-14 00:00:00</subfield>
    <subfield code="s">2018-07-11</subfield>
    <subfield code="t">1</subfield>
    <subfield code="v">99.00</subfield>
    <subfield code="w">2010-03-04</subfield>
    <subfield code="y">CF</subfield>
  </datafield>
  <datafield tag="952" ind1=" " ind2=" ">
    <subfield code="0">0</subfield>
    <subfield code="1">0</subfield>
    <subfield code="2">ddc</subfield>
    <subfield code="4">0</subfield>
    <subfield code="7">0</subfield>
    <subfield code="a">BL1</subfield>
    <subfield code="b">BL1</subfield>
    <subfield code="d">2010-03-04</subfield>
    <subfield code="e">Pioneers/1003/28-11-09/325/13-10-09 /30-11-09 </subfield>
    <subfield code="g">99.00</subfield>
    <subfield code="l">14</subfield>
    <subfield code="o">DVD MITH</subfield>
    <subfield code="p">DVD-005960</subfield>
    <subfield code="r">2014-07-08 00:00:00</subfield>
    <subfield code="s">2013-05-04</subfield>
    <subfield code="t">1</subfield>
    <subfield code="v">99.00</subfield>
    <subfield code="w">2010-03-04</subfield>
    <subfield code="y">CF</subfield>
  </datafield>
  <datafield tag="952" ind1=" " ind2=" ">
    <subfield code="0">0</subfield>
    <subfield code="1">0</subfield>
    <subfield code="2">ddc</subfield>
    <subfield code="4">0</subfield>
    <subfield code="7">0</subfield>
    <subfield code="a">ZLS</subfield>
    <subfield code="b">ZLS</subfield>
    <subfield code="d">2010-03-04</subfield>
    <subfield code="e">Pioneers/1003/28-11-09/325/13-10-09 /30-11-09 </subfield>
    <subfield code="g">99.00</subfield>
    <subfield code="l">25</subfield>
    <subfield code="m">2</subfield>
    <subfield code="o">DVD MITH</subfield>
    <subfield code="p">DVD-005961</subfield>
    <subfield code="r">2013-10-07 00:00:00</subfield>
    <subfield code="s">2013-09-07</subfield>
    <subfield code="t">1</subfield>
    <subfield code="v">99.00</subfield>
    <subfield code="w">2010-03-04</subfield>
    <subfield code="y">CF</subfield>
  </datafield>
  <datafield tag="952" ind1=" " ind2=" ">
    <subfield code="0">0</subfield>
    <subfield code="1">0</subfield>
    <subfield code="2">ddc</subfield>
    <subfield code="4">0</subfield>
    <subfield code="7">0</subfield>
    <subfield code="a">RKP</subfield>
    <subfield code="b">RKP</subfield>
    <subfield code="d">2010-03-04</subfield>
    <subfield code="e">Pioneers/1003/28-11-09/325/13-10-09 /30-11-09 </subfield>
    <subfield code="g">99.00</subfield>
    <subfield code="l">5</subfield>
    <subfield code="o">DVD MITH</subfield>
    <subfield code="p">DVD-005962</subfield>
    <subfield code="r">2018-01-27 00:00:00</subfield>
    <subfield code="s">2018-01-20</subfield>
    <subfield code="t">1</subfield>
    <subfield code="v">99.00</subfield>
    <subfield code="w">2010-03-04</subfield>
    <subfield code="y">CF</subfield>
  </datafield>
  <datafield tag="952" ind1=" " ind2=" ">
    <subfield code="0">0</subfield>
    <subfield code="1">0</subfield>
    <subfield code="2">ddc</subfield>
    <subfield code="4">0</subfield>
    <subfield code="7">0</subfield>
    <subfield code="a">VP</subfield>
    <subfield code="b">VP</subfield>
    <subfield code="d">2010-03-04</subfield>
    <subfield code="e">Pioneers/1003/28-11-09/325/13-10-09 /30-11-09 </subfield>
    <subfield code="g">99.00</subfield>
    <subfield code="l">8</subfield>
    <subfield code="m">1</subfield>
    <subfield code="o">DVD MITH</subfield>
    <subfield code="p">DVD-005963</subfield>
    <subfield code="r">2016-03-09 00:00:00</subfield>
    <subfield code="s">2016-02-23</subfield>
    <subfield code="t">1</subfield>
    <subfield code="v">99.00</subfield>
    <subfield code="w">2010-03-04</subfield>
    <subfield code="y">CF</subfield>
  </datafield>
</record>
